International and comparative business: foundations of political economies
Сохранить в:
| Главный автор: | |
|---|---|
| Формат: | |
| Язык: | английский |
| Опубликовано: |
Sage Publications,
2014.
|
| Метки: |
Добавить метку
Нет меток, Требуется 1-ая метка записи!
|
MARC
| LEADER | 00000nam a22000007a 4500 | ||
|---|---|---|---|
| 008 | 210528b ||||| |||| 00| 0 eng d | ||
| 020 | |a 978-1-4129-4876-0 | ||
| 100 | |a McCANN, Leo. | ||
| 245 | |a International and comparative business: |b foundations of political economies |c Leo McCann. |g xvii, 376p.; ill. | ||
| 260 | |b Sage Publications, |c 2014. |h Los Angeles: |i 693471 |i 693472 |l HD2755.5 .M13 |m International business enterprises. |m Comparative economies. |m Capitalism. | ||
| 500 | |a “It includes references and index’. | ||
| 942 | |a lcc |c BK |e Adeniran, F. A. |f 28/05/2021 | ||
| 952 | |0 0 |1 0 |2 lcc |4 0 |6 HD27555 M13 |7 0 |9 2481 |a HOL |b MPL |c LP |d 2021-05-28 |o HD2755.5 .M13 |p 2021-6333 |r 2021-05-28 00:00:00 |w 2021-05-28 |y BK | ||
| 952 | |0 0 |1 0 |2 lcc |4 0 |6 HD27555 M13 |7 0 |9 2482 |a HOL |b HOL |c LP |d 2021-05-28 |o HD2755.5 .M13 |p 2021-6334 |r 2021-05-28 00:00:00 |w 2021-05-28 |y BK | ||
| 999 | |c 1292 |d 1292 | ||